000 00445nam a2200181Ia 4500
001 11778
005 20260306162853.0
008 260306t2024||||xx |||||||||||||| ||spa||
041 _aESP
082 _aHR 150
_bV. 14 N° 2 2024 RP.2
110 _aUniversidad Católica San Pablo
245 0 _aRevista de psicología
260 _c2024
300 _a175 páginas :
_c24 cm.
650 _aGEN
654 _aCPS
942 _cREV
_dJUS
_fJUS
_2ddc
_n
999 _c11778
_d11778